Stany przechwycone przez Joe Bidena - Statystyki

Ogólne statystyki
  • Ten quiz został rozwiązany 98 razy
  • Średni wynik to 2 z 5
Statystyki odpowiedzi
Stan % Poprawnych
Pennsylwania
59%
Arizona
56%
Georgia
55%
Michigan
41%
Wisconsin
32%
Nie znaleziono quizów pasujących do podanych kryteriów
Rozkład punktacji
Procent ludzi z każdym wynikiem
Percentyl według liczby udzielonych odpowiedzi
Twoja historia wyników
Nie rozwiązałeś tego quizu